• 首页
  • 本馆介绍
  • 公告通知
  • 最新文献
  • 馆藏检索
  • 电子资源
  • 读者导购
  • 参考咨询
  • 我的图书馆
  • 登录
  • 详细信息显示
  • 放入我的书架
  • 预约/预借图书
  • 作者相关作品
  • 分类相关作品
  • 丛书相关作品
  • 出版社相关作品

书目信息

  • 表格格式
  • 工作单格式
  • 卡片格式
题名:
亚里士多德选集
    
 
作者: 苗力田
分册: 伦理学卷  
出版信息: 北京   中国人民大学出版社  1999
页数: 521
开本: 20cm
丛书名:
单 册:
中图分类: B0 , B502.233
科图分类:
主题词: 哲学--欧洲
电子资源:
ISBN: 7-300-03165-X
000 00537nam0 2200193 450
001 2630679750
005 20260414083240.99
010    @a7-300-03165-X
100    @a20070904d km y0chiy0120 ea
101 0  @achi
200 1  @a亚里士多德选集@Aya li shi duo de xuan ji@h伦理学卷@f苗力田@Fmiao li tian
210    @a北京@c中国人民大学出版社@d1999
215    @a521@c28@d20cm
606 0  @a哲学@x欧洲
690    @aB0@v3
690    @aB502.233@v4
701  0 @a苗力田@Amiao li tian
801  0 @aCN@bPFT@c20070904
905    @a213230@dB502.233@e152@f1
    
    亚里士多德选集.伦理学卷/苗力田.-北京:中国人民大学出版社,1999
    521:28;20cm
    
    
    ISBN 7-300-03165-X:
    
●
相关链接 在E读中查询图书 在五车中查询图书 在当当中查询图书 在豆瓣中查询图书


正题名:亚里士多德选集     索取号:B502.233/152         预约/预借

序号 登录号 条形码 馆藏地/架位号 状态 备注
1 1442645   214426450   第一样本阅览室/ [索取号:B502.233/152] 在馆    
唐山师范学院图书馆 欢迎您!
大连网信软件有限公司© 版权所有